000 00345nam a2200145Ia 4500
100 _aRaghuram/R.
942 _cBK
654 _aElectronic Circuits
245 _aComputer simulation of eletronic circuits
260 _bWILEY EASTERN LIMITED
_aNew Delhi
_c1989
082 _a621.38173
_bRAG
300 _a246
546 _aENGLISH
999 _c19573
_d19573